000 00355nam a2200133Ia 4500
008 210430s9999 xx 000 0 und d
020 _a978-81-203-4090-9
082 _a671 M9536 M
100 _aSyamal Mukherjee
_954267
245 _aMetal Fabrication Technology /
_cSyamal Mukherjee
260 _aIndia
_bPHI
_c2011
300 _a452P
942 _cBK
_2ddc
999 _c564759
_d564759